[Event "Molde Autumn op"]
[Site "Molde"]
[Date "2020.08.17"]
[Round "4"]
[White "Walle, Kyrre"]
[Black "Jonsbu, Egil"]
[Result "1-0"]
[WhiteElo "1513"]
[BlackElo "1449"]
[PlyCount "153"]
[EventDate "2020.08.27"]
[EventType "swiss"]
[EventRounds "6"]
[EventCountry "NOR"]
[SourceTitle "EXT 2024"]
[Source "ChessBase"]
[SourceDate "2023.10.10"]
[SourceVersion "1"]
[SourceVersionDate "2023.10.10"]
[SourceQuality "1"]

1. e4 c5 2. Nf3 d6 3. d4 cxd4 4. Nxd4 Nf6 5. Nc3 g6 6. Bc4 Bg7 7. 0-0 0-0 8. b3 Nc6 9. Bb2 Bd7 10. Qd2 a6 11. a4 Rc8 12. Rfe1 Qa5 13. Qd3 Ne5 14. Qe2 Nxc4 15. bxc4 Qb6 16. Nd1 Ng4 17. Nb3 Ne5 18. Bd4 Qb4 19. c5 dxc5 20. Bc3 Qb6 21. Ne3 e6 22. Bxe5 Bxe5 23. Nc4 Qc7 24. Nxe5 Qxe5 25. Na5 Qc7 26. Nc4 b5 27. Nb2 c4 28. Qe3 Rfd8 29. Red1 Qe5 30. Qd4 Qc7 31. Qd6 Qb7 32. Qe7 Kg7 33. Rd4 c3 34. Nd3 Qb6 35. Rxd7 Rxd7 36. Qxd7 Rc7 37. a5 Qa7 38. Qd6 Rc4 39. Re1 Ra4 40. Qb6 Qa8 41. Nc5 Ra2 42. Rc1 Qc8 43. Nxa6 Qc4 44. Nc5 Qe2 45. Nxe6+ fxe6 46. Qd4+ Kf7 47. Qxc3 Qxe4 48. Qb3 Rxa5 49. Qc3 Ra4 50. Rd1 Ra8 51. Rd7+ Ke8 52. Rxh7 e5 53. Rh8+ Ke7 54. Rxa8 Qxa8 55. Qxe5+ Kf7 56. h3 Qc6 57. Qe2 b4 58. Qf3+ Qxf3 59. gxf3 Kf6 60. Kf1 Kf5 61. Ke2 Kf4 62. Kd3 Kxf3 63. Kc4 g5 64. Kxb4 Kxf2 65. c4 Kg3 66. c5 Kxh3 67. c6 g4 68. c7 g3 69. c8Q+ Kh2 70. Qh8+ Kg1 71. Kc3 g2 72. Kd2 Kf2 73. Qf6+ Kg3 74. Qg5+ Kh2 75. Qh4+ Kg1 76. Ke3 Kf1 77. Qf2# 1-0

[Event "Molde CC-ch"]
[Site "Molde"]
[Date "2019.01.24"]
[Round "1"]
[White "Bentsen, Hakon"]
[Black "Jonsbu, Egil"]
[Result "1-0"]
[WhiteElo "2146"]
[BlackElo "1440"]
[PlyCount "65"]
[EventDate "2019.01.24"]
[EventType "swiss"]
[EventRounds "7"]
[EventCountry "NOR"]
[SourceTitle "EXT 2024"]
[Source "ChessBase"]
[SourceDate "2023.10.10"]
[SourceVersion "1"]
[SourceVersionDate "2023.10.10"]
[SourceQuality "1"]

1. e4 e5 2. Nf3 Nc6 3. Bc4 Be7 4. 0-0 Nf6 5. d4 exd4 6. e5 Ne4 7. Re1 Nc5 8. Nxd4 0-0 9. Nf5 d5 10. exd6 Bxd6 11. Nxd6 cxd6 12. Nc3 Be6 13. Bf1 Ne7 14. Nb5 d5 15. Nd4 Qc7 16. g3 a6 17. Bf4 Qb6 18. Bg2 Rad8 19. Be5 Ng6 20. Nb3 Nxe5 21. Rxe5 Nd7 22. Re1 Nf6 23. Qd4 Qd6 24. c3 b6 25. Rad1 Rc8 26. Rd2 Rc4 27. Qxc4 dxc4 28. Rxd6 cxb3 29. axb3 Rb8 30. b4 a5 31. bxa5 bxa5 32. Ra6 Rxb2 33. Ra8+ 1-0